Statistics for Elements Created by Only Four Letters

Click here to take the quiz!

General Stats

  • This quiz has been taken 227 times
  • The average score is 6 of 6

Answer Stats

Letters Element % Correct
C I N ZZinc
99%
D G L OGold
97%
A D E LLead
96%
I N O RIron
96%
E N O XXenon
86%
B N O RBoron
85%

Score Distribution

Percentile by Number Answered

Percent of People with Each Score

Your Score History

You have not taken this quiz